000
00316nam a2200109Ia 4500
008
160609s9999 xx 000 0 und d
100
_a
Thompson, Ethan.
245
_a
How To Watch Television
245
_c
By:Ethan Thompson, Jason Mittell
260
_c
2013
856
_u
http://file.ebook777.com/008/9780814763988.pdf
999
_c
295666
_d
295666